Normal view
MARC view
- P.E.N
Entry Personal Name
001 - CONTROL NUMBER
- control field: 8985
003 - CONTROL NUMBER IDENTIFIER
- control field: NUST
005 - DATE AND TIME OF LATEST TRANSACTION
- control field: 20180118191151.0
008 - FIXED-LENGTH DATA ELEMENTS
- fixed length control field: 180118|| aca||aabn | a|a d
040 ## - CATALOGING SOURCE
- Original cataloging agency: NUST
- Transcribing agency: NUST
100 ## - HEADING--PERSONAL NAME
- Personal name: P.E.N
670 ## - SOURCE DATA FOUND
- Source citation: Work cat.: (NUST)243431: P.E.N, Mightir then the Sword (Transfered to SOA)
